000 00407nam a2200181Ia 4500
005 20250423094716.0
008 250422s9999 xx 000 0 und d
020 _a0-449-20623-8
050 _aPR 6058 .O912 C37/
100 _aHowatch, Susan
245 0 _aCashelmara
260 _aNew York
260 _bBallantine Books
260 _c1974
300 _a672 p
650 _aLiterature
942 _cBK
999 _c28054
_d28054